Explorers of the body / (Record no. 2667)
[ view plain ]
| 000 -LEADER | |
|---|---|
| fixed length control field | 00576pam a2200205 i 4500 |
| 001 - CONTROL NUMBER | |
| control field | 847674 |
| 005 - DATE AND TIME OF LATEST TRANSACTION | |
| control field | 20250118134037.0 |
| 008 - FIXED-LENGTH DATA ELEMENTS--GENERAL INFORMATION | |
| fixed length control field | 790115s1979 nyuaf b 001 0 eng |
| 020 ## - INTERNATIONAL STANDARD BOOK NUMBER | |
| International Standard Book Number | 0385134975 : |
| Terms of availability | $12.95 |
| 050 00 - LIBRARY OF CONGRESS CALL NUMBER | |
| Classification number | R131 |
| Item number | .L42 |
| 082 00 - DEWEY DECIMAL CLASSIFICATION NUMBER | |
| Classification number | 610/.9 |
| 100 1# - MAIN ENTRY--PERSONAL NAME | |
| Personal name | Lehrer, Steven, |
| Dates associated with a name | 1944- |
| 245 10 - TITLE STATEMENT | |
| Title | Explorers of the body / |
| Statement of responsibility, etc. | Steven Lehrer. |
| 250 ## - EDITION STATEMENT | |
| Edition statement | 1st ed. |
| 260 ## - PUBLICATION, DISTRIBUTION, ETC. | |
| Place of publication, distribution, etc. | Garden City, N.Y. : |
| Name of publisher, distributor, etc. | Doubleday, |
| Date of publication, distribution, etc. | 1979. |
| 300 ## - PHYSICAL DESCRIPTION | |
| Extent | ix, 463 p., [4] leaves of plates : |
| Other physical details | ill. ; |
| Dimensions | 22 cm. |
| 500 ## - GENERAL NOTE | |
| General note | Includes index. |
| 650 #0 - SUBJECT ADDED ENTRY--TOPICAL TERM | |
| Topical term or geographic name entry element | Medicine |
| General subdivision | History. |
| 942 ## - ADDED ENTRY ELEMENTS (KOHA) | |
| Source of classification or shelving scheme | Library of Congress Classification |
| Koha item type | Books |
| Suppress in OPAC | No |
| 999 ## - | |
| -- | 2667 |
| -- | 2667 |
| Withdrawn status | Lost status | Source of classification or shelving scheme | Damaged status | Not for loan | Collection | Home library | Current library | Shelving location | Date acquired | Total checkouts | Full call number | Barcode | Date last seen | Copy number | Price effective from | Koha item type |
|---|---|---|---|---|---|---|---|---|---|---|---|---|---|---|---|---|
| Library of Congress Classification | Non-fiction | Science Library (Miotso) | Science Library (Miotso) | General stacks | 01/18/2025 | R131 .L42 LEH | SLM00002006 | 01/18/2025 | 1 | 01/18/2025 | Books |